Statistiques concernant Intercommunalités de l'Yonne

Cliquez ici pour prendre le quiz!

Statistiques générales

  • Ce quiz a été pris 13 fois
  • Le résultat moyen est 8 sur 14

Statistiques - réponses

Nombres de CommunesIntercommunalités% Correct
29Communauté d'agglomération de l'Auxerrois
92%
27Communauté d'agglomération du Grand Sénonais
92%
48Communauté de communes Avallon - Vézelay - Morvan
92%
08Communauté de communes de l'Agglomération Migennoise
85%
19Communauté de communes du Jovinien
85%
52Communauté de communes Le Tonnerrois en Bourgogne
77%
29Communauté de communes Serein et Armance
54%
23Communauté de communes Yonne Nord
54%
36Communauté de communes Chablis Villages et Terroirs
46%
22Communauté de communes de la Vanne et du Pays d'Othe
46%
57 (dont 06 dans la Nièvre)Communauté de communes de Puisaye-Forterre
46%
13Communauté de communes de l'Aillantais
8%
26Communauté de communes du Gâtinais en Bourgogne
8%
35Communauté de communes du Serein
0%

Distribution des résultats

Percentile par nombre de réponses

% des personnes avec chaque résultat

Votre développement - résultats

Vous n’avez pas pris ce quiz